Fantômes et samouraïs: Hanshichi mène l'enquête à Edo

Guardat en:
Dades bibliogràfiques
Autor principal: Okamoto, Kidô (auteur)
Altres autors: Chesneau, Karine (traduction)
Format: Llibre
Idioma:francès
Publicat: París Philippe Picquier 2004
Matèries:
Etiquetes: Afegir etiqueta
Sense etiquetes, Sigues el primer a etiquetar aquest registre!

MARC

LEADER 00000nam a2200000 a 4500
001 UCL9740
003 CL-VaPUC
005 20220928165338.0
008 040820e20040000FR |||||||||||||||||fre|d
999 |c 310428  |d 310426 
020 |a 2877307158 
040 |c Pontificia Universidad Católica de Valparaíso 
082 0 4 |a 895.603  |b OKA  |2 21 
100 |a Okamoto, Kidô  |e auteur  |9 487652 
245 1 0 |a Fantômes et samouraïs: Hanshichi mène l'enquête à Edo 
260 |a París  |b Philippe Picquier  |c 2004 
300 |a 410 p 
583 |a last modification  |c 20040820 00:00:00  |k Rodrigo Vera 
650 7 |a NOVELAS JAPONESAS  |2 CL-VaPUC  |9 487653 
650 0 |a Literatura japonesa  |9 266543 
700 |a Chesneau, Karine   |e traduction  |9 877223 
942 |c BK  |2 ddc 
945 |d 20040820 00:00:00  |a cmena 
952 |0 0  |1 0  |4 0  |6 895_603000000000000_OKA_2004  |7 0  |8 A  |9 378842  |a BIBGIM  |b BIBGIM  |d 2019-11-21  |i 403466K  |o 895.603 OKA 2004  |p 403466K  |r 2025-01-15  |w 2019-11-21  |y BK  |k ORI